header

Ableton Live 4 Power! (Record no. 44594)

MARC details
000 -LEADER
fixed length control field 01107nam a2200301Ia 4500
100 1# - MAIN ENTRY--AUTHOR NAME
Personal name Carrier, Chad.
245 10 - TITLE STATEMENT
Title Ableton Live 4 Power!
260 ## - PUBLICATION, DISTRIBUTION, ETC. (IMPRINT)
Place of publication Boston, MA :
Name of publisher Course Technology PTR,
Year of publication 2005.
300 ## - PHYSICAL DESCRIPTION
Number of Pages xx, 371 p. :
Other physical details ill.
500 ## - GENERAL NOTE
General note Includes index.
650 #0 - SUBJECT ADDED ENTRY--TOPICAL TERM
Topical Term Music
Topical Term Software sequencers.
700 1# - ADDED ENTRY--PERSONAL NAME
Personal name Hill, Dave Jr.
856 40 - ELECTRONIC LOCATION AND ACCESS
Uniform Resource Identifier http://site.ebrary.com/lib/rucke/Doc?id=10073596

No items available.

© 2026 Rongo University
Contact us: librarian | system librarian | Rongo university